Fußball: Die Meister der 4 höchsten deutschen Spielklassen 2025 - Statistiken

Allgemein
  • Dieses Quiz wurde 232 mal gespielt
  • Das Durchschnittsergebnis liegt bei 6 aus 8
Antwortstatistiken
Liga Meister % Korrekt
1. Bundesliga Bayern München
100%
2. Bundesliga 1. FC Köln
94%
3. Liga Arminia Bielefeld
81%
RL West MSV Duisburg
64%
RL Nordost 1. FC Lok Leipzig
60%
RL Bayern 1. FC Schweinfurt 05
60%
RL Südwest TSG Hoffenheim II
57%
RL Nord TSV Havelse
56%
Keine übereinstimmenden Quizze gefunden
Verteilung der Resultate
Anzahl Personen mit jedem Resultat
Perzentil nach korrekt beantworteten Fragen
Ihre Resultats-Entwicklung
Sie haben dieses Quiz noch nicht gespielt